| 000 | 011710000a22002890004500 | ||
|---|---|---|---|
| 001 | 20584 | ||
| 003 | CO-MdFUSB | ||
| 005 | 20180622165150.0 | ||
| 008 | 160922b xxu||||| |||| 00| 0 eng d | ||
| 020 | _a978-0-281-06358-1 | ||
| 040 |
_aCO-MdFUSB _bEspañol _cCO-MdFUSB _dCO-MdFUSB |
||
| 041 | _aeng | ||
| 082 |
_224 _aG 232.901 _bC758c |
||
| 100 | 1 | _aAllison, Jr., Dale C. | |
| 245 | 1 | 0 |
_aConstructing Jesus : _b Memory, imagination, and history / _cDale C. Allison, Jr. |
| 264 |
_aLondon : _bSPCK, _c2010 |
||
| 300 | _axxix, 588 páginas | ||
| 336 |
_2rdacontent _a1 _ba1 |
||
| 337 |
_2rdamedia _a2 _b5 |
||
| 338 |
_2rdacarrier _a2 _b5 |
||
| 500 | _aIncluye índices (p. 535-588) | ||
| 501 | _aRústico | ||
| 505 | 0 | 0 | _aLo general y lo particular: Recuerdos de Jesús - Más que un sabio: La escatología de Jesús - El reino de Dios y el mundo venidero - La continuidad entre Juan el Bautista y Jesús - Más que un profeta: La cristología de Jesús - Más que aforismos: Los discursos de Jesús - La muerte y la memoria: la pasión de Jesús - Memoria e invención: ¿Cuánto de la historia? |
| 600 | 0 | 7 | _aJesucristo |
| 653 | _aCristología | ||
| 942 | _cBK | ||
| 999 |
_c46935 _d46935 |
||